| 000 | 01318nam a2200325 a 4500 | ||
|---|---|---|---|
| 999 |
_c429315 _d429315 |
||
| 003 | BLK | ||
| 005 | 20230616093230.0 | ||
| 008 | 180411b bul|||||r ||||||| ||bul|| | ||
| 040 | _aBLK | ||
| 041 |
_aBUL _cBUL |
||
| 080 |
_aБългарска литература _b821.163.2 _x(092) _z821.163.2(092) |
||
| 100 |
_aМаринов, Димитър, 1846-1940 _eпърви автор _9364678 |
||
| 139 |
_aМаринов, Димитър _bМ 31 |
||
| 245 | 1 | 0 |
_aВук Караджич в новобългарската книжнина _cДимитър Маринов |
| 257 | _aBGR | ||
| 260 |
_aСофия _bНапредък _c1897 _9218173 |
||
| 300 |
_a83 с. _c22 см |
||
| 380 | _a82 | ||
| 490 |
_9435080 _aКолекция Редки и ценни издания |
||
| 500 | _aПрепеч. от Религ. разкази. 1897, кн. 9-10. Пълното име на авт. Димитър Маринов Бонев. | ||
| 600 | 0 |
_9296022 _aКараджич, Вук Стефанович |
|
| 650 | 4 |
_aБългарска литература - история _9246271 |
|
| 651 | 4 |
_aБългария _9241624 |
|
| 653 | _aбългарска литература | ||
| 653 | _aистория | ||
| 852 |
_aРб 897 _bРц |
||
| 856 | 4 | _qpdf | |
| 942 |
_cKNG _n0 _s1 |
||
| 944 |
_aCR _c2021-08-20 _kнр |
||